000 00331nam a22001457a 4500
008 221108b ||||| |||| 00| 0 eng d
020 _a9780917360572
041 _aeng
080 _a32
082 _a32 CHR
100 _a32.1
101 _aJURE
245 _aSTYLEBOOK AND BRIEFING PN MEDIA LAW
_cCHRISTIAN D
942 _2udc
_cBK
999 _c58796
_d58796